[Event "XIV Open"]
[Site "Saint Vincent - Chatillon ITA"]
[Date "2006.10.02"]
[Round "3"]
[White "Fragni, Enrico"]
[Black "Mazza, Maurizio"]
[Result "1/2-1/2"]
[WhiteElo "1859"]
[BlackElo "1700"]
[PlyCount "76"]
[EventDate "2006.09.30"]

1. d4 Nf6 2. Nc3 d5 3. Bg5 c6 4. Nf3 Nbd7 5. e3 e6 6. Be2 Be7 7. h3 O-O 8. Nh2
c5 9. O-O cxd4 10. exd4 a6 11. a4 b6 12. Re1 Bb7 13. Bd3 Ne8 14. Bf4 Bd6 15.
Bxd6 Nxd6 16. Ng4 Ne8 17. Qd2 Nef6 18. Ne5 Ne8 19. f4 Nd6 20. Nxd7 Qxd7 21. Re5
Nc4 22. Bxc4 dxc4 23. Rae1 Rad8 24. Ne2 Qc6 25. Rg5 Qxa4 26. c3 Qc6 27. Kh2 Rd5
28. Rxd5 Qxd5 29. Ng3 Rd8 30. Re5 Qc6 31. Qe2 Rd5 32. Nh5 Rxe5 33. fxe5 Qc8 34.
Qg4 g6 35. Nf6+ Kg7 36. Qg5 h6 37. Nh5+ Kh7 38. Nf6+ Kg7 1/2-1/2

[Event "XIV Open"]
[Site "Saint Vincent - Chatillon ITA"]
[Date "2006.10.02"]
[Round "3"]
[White "Godena, Michele"]
[Black "Sarno, Spartaco"]
[Result "1/2-1/2"]
[WhiteElo "2528"]
[BlackElo "2363"]
[PlyCount "39"]
[EventDate "2006.09.30"]

1. e4 d6 2. d4 Nf6 3. Bd3 e5 4. Nf3 exd4 5. Nxd4 Nc6 6. Nxc6 bxc6 7. O-O Be7 8.
Bf4 O-O 9. Nd2 Nd7 10. c3 Bg5 11. Bxg5 Qxg5 12. f4 Qh6 13. b3 Re8 14. Qf3 Rb8
15. Rae1 c5 16. e5 Bb7 17. Qf2 Bd5 18. c4 Ba8 19. Re3 g6 20. Rfe1 1/2-1/2

[Event "XIV Open"]
[Site "Saint Vincent - Chatillon ITA"]
[Date "2006.10.02"]
[Round "3"]
[White "Labarthe, Arnaud"]
[Black "Testa, Adriano"]
[Result "0-1"]
[WhiteElo "2044"]
[BlackElo "1729"]
[PlyCount "98"]
[EventDate "2006.09.30"]

1. d4 Nf6 2. c4 g6 3. Nc3 d5 4. h4 Bg7 5. h5 Nxh5 6. cxd5 e6 7. e4 exd5 8. e5
Bf8 9. g4 Ng7 10. Bh6 Ne6 11. Bxf8 Nxf8 12. Bg2 c6 13. f3 Ne6 14. Nge2 Qg5 15.
Qd2 Qxd2+ 16. Kxd2 Ng7 17. Rh6 Nd7 18. Rah1 Nf8 19. b4 a6 20. Na4 b5 21. Nb6
Rb8 22. Nxc8 Rxc8 23. f4 a5 24. Rc1 Kd7 25. bxa5 Ra8 26. Rc2 Nfe6 27. Bh3 Rxa5
28. f5 Ng5 29. fxg6 fxg6 30. Nf4 Rha8 31. e6+ N7xe6 32. Nxe6 Kxe6 33. Rxc6+ Kd7
34. Rc2 Rxa2 35. Bf1 Ne4+ 36. Kd1 Ra1+ 37. Ke2 Ng3+ 38. Kf3 Nxf1 39. Rxh7+ Kd6
40. Rcc7 Rf8+ 41. Rcf7 Nd2+ 42. Ke2 Rxf7 43. Rxf7 Ne4 44. Rb7 Ra2+ 45. Ke3 Kc6
46. Rg7 g5 47. Rg6+ Kd7 48. Rb6 Ra3+ 49. Ke2 Rb3 0-1

[Event "XIV Open"]
[Site "Saint Vincent - Chatillon ITA"]
[Date "2006.10.02"]
[Round "3"]
[White "Marguerettaz, Davy"]
[Black "Battistella, Stefano"]
[Result "1/2-1/2"]
[WhiteElo "1700"]
[BlackElo "2065"]
[PlyCount "45"]
[EventDate "2006.09.30"]

1. e4 a6 2. d4 b5 3. Nf3 Bb7 4. Bd3 e6 5. Bf4 Nf6 6. Nbd2 c5 7. c3 d6 8. Qe2
Be7 9. Rd1 cxd4 10. cxd4 Nc6 11. O-O O-O 12. Nb3 Nh5 13. Bc1 g6 14. Bh6 Re8 15.
e5 Nb4 16. Bb1 Bd5 17. Qe3 Bc4 18. Rfe1 Nd5 19. Qd2 dxe5 20. Rxe5 Bxb3 21. axb3
Nhf6 22. Re2 Rc8 23. Ne5 1/2-1/2

[Event "XIV Open"]
[Site "Saint Vincent - Chatillon ITA"]
[Date "2006.10.02"]
[Round "3"]
[White "Mondon, Fabrice"]
[Black "Berlier, Filippo"]
[Result "1-0"]
[WhiteElo "2001"]
[BlackElo "1383"]
[PlyCount "31"]
[EventDate "2006.09.30"]

1. e4 d6 2. d4 Nf6 3. Nc3 e5 4. Nf3 exd4 5. Nxd4 c5 6. Nf3 Nc6 7. Bf4 Ng4 8.
Qd2 Qf6 9. Bg5 Qe6 10. O-O-O f6 11. Bf4 Bd7 12. h3 Nge5 13. Bxe5 Nxe5 14. Nxe5
fxe5 15. Nd5 O-O-O 16. Qa5 1-0

[Event "XIV Open"]
[Site "Saint Vincent - Chatillon ITA"]
[Date "2006.10.02"]
[Round "3"]
[White "Naumkin, Igor"]
[Black "Rotstein, Arkadij"]
[Result "1/2-1/2"]
[WhiteElo "2430"]
[BlackElo "2521"]
[PlyCount "20"]
[EventDate "2006.09.30"]

1. d4 d5 2. c4 e6 3. Nc3 Nf6 4. Nf3 Be7 5. Bg5 O-O 6. e3 h6 7. Bh4 Ne4 8. Bxe7
Qxe7 9. Rc1 Nxc3 10. Rxc3 c6 1/2-1/2

[Event "XIV Open"]
[Site "Saint Vincent - Chatillon ITA"]
[Date "2006.10.02"]
[Round "3"]
[White "Pepino, Enrico"]
[Black "Calzolari, Giampietro"]
[Result "1-0"]
[WhiteElo "2187"]
[BlackElo "1890"]
[PlyCount "111"]
[EventDate "2006.09.30"]

1. e4 e6 2. d4 d5 3. exd5 exd5 4. c4 Nf6 5. Nc3 Bb4 6. Bd3 O-O 7. Nge2 h6 8.
O-O dxc4 9. Bxc4 Nc6 10. Bf4 Bd6 11. Qd2 a6 12. Rad1 Bf5 13. h3 Bxf4 14. Qxf4
Qd7 15. Ng3 Bg6 16. d5 Nd8 17. a4 Qd6 18. Qxd6 cxd6 19. a5 Rc8 20. b3 Rc5 21.
Ra1 Re8 22. Rfc1 Kf8 23. f4 Be4 24. Ncxe4 Nxe4 25. Nf5 h5 26. b4 Rc7 27. Bd3
Rxc1+ 28. Rxc1 g6 29. Bxe4 Rxe4 30. Nxd6 Rxb4 31. Re1 Nc6 32. Re8+ Kg7 33. dxc6
bxc6 34. Rc8 Ra4 35. Rc7 Rxa5 36. Rxf7+ Kg8 37. Rc7 Rc5 38. Kh2 a5 39. g4 hxg4
40. hxg4 a4 41. Ra7 Rd5 42. Ne4 Rd4 43. Nf6+ Kf8 44. Kg3 c5 45. Nd7+ Ke7 46.
Nxc5+ Kd6 47. Nxa4 Kc6 48. Ra6+ Kb5 49. Rxg6 Kxa4 50. g5 Kb5 51. Kg4 Kc5 52.
Re6 Kd5 53. Re1 Rd2 54. g6 Rg2+ 55. Kf5 Kd6 56. Kf6 1-0

[Event "XIV Open"]
[Site "Saint Vincent - Chatillon ITA"]
[Date "2006.10.02"]
[Round "3"]
[White "Perrone, Samuel"]
[Black "Rossi, Giampiero"]
[Result "0-1"]
[WhiteElo "1401"]
[BlackElo "2011"]
[PlyCount "92"]
[EventDate "2006.09.30"]

1. e4 c5 2. Nf3 e6 3. Nc3 a6 4. Bc4 b5 5. Be2 Bb7 6. a3 d6 7. b4 Nf6 8. d3 cxb4
9. axb4 d5 10. exd5 Bxb4 11. Bd2 Nxd5 12. Nxd5 Bxd2+ 13. Qxd2 Qxd5 14. Rg1 Nc6
15. Qc3 O-O 16. d4 Rac8 17. Rc1 Rfd8 18. Rd1 Ne7 19. Qd2 Qe4 20. Rc1 Nd5 21.
Ng5 Qf4 22. Bd3 Qxd2+ 23. Kxd2 Nf6 24. c3 h6 25. Nf3 Rc7 26. Ke3 Rdc8 27. Kd2
Bxf3 28. gxf3 Nd5 29. Ra1 Rxc3 30. Rac1 Rxc1 31. Rxc1 Rxc1 32. Kxc1 Kf8 33. Kb2
Ke7 34. Kc2 Kd6 35. Kb3 Kc6 36. h3 Kb6 37. h4 a5 38. Ka3 Nb4 39. Be4 f5 40. Bb1
Kc6 41. Kb3 Kd5 42. Kc3 g5 43. h5 e5 44. dxe5 Kxe5 45. Kd2 Nd5 46. Ke1 Nf4 0-1

[Event "XIV Open"]
[Site "Saint Vincent - Chatillon ITA"]
[Date "2006.10.02"]
[Round "3"]
[White "Petrescu, Cristian"]
[Black "Astengo, Corrado"]
[Result "1-0"]
[WhiteElo "2070"]
[BlackElo "2119"]
[PlyCount "93"]
[EventDate "2006.09.30"]

1. e4 c5 2. Nf3 e6 3. d4 cxd4 4. Nxd4 a6 5. Bd3 Nc6 6. Nb3 Nf6 7. O-O d5 8.
exd5 Qxd5 9. Nc3 Qd8 10. Qe2 Qc7 11. Bg5 Be7 12. Bh4 O-O 13. Bg3 Bd6 14. Bxd6
Qxd6 15. Rad1 Qc7 16. Ne4 Nxe4 17. Bxe4 h6 18. Rd3 Bd7 19. Rg3 f5 20. Bxc6 Qxc6
21. Qe5 Rf7 22. Nd4 Qc4 23. b3 Qd5 24. Qxd5 exd5 25. Re1 Rc8 26. Re5 f4 27. Rg6
Bc6 28. Ree6 Rfc7 29. Nf5 Kf8 30. Nd4 Kg8 31. Re5 Be8 32. Rd6 Bc6 33. h4 Kh7
34. Rf5 Re8 35. Rxf4 Re1+ 36. Kh2 Ra1 37. Rf8 Rd1 38. Ne6 Rd7 39. Rxd7 Bxd7 40.
Nf4 Rd2 41. Rd8 Bc6 42. h5 g5 43. hxg6+ Kg7 44. Rd6 Rxf2 45. Kg3 Rxc2 46. Nh5+
Kf8 47. g7+ 1-0

[Event "XIV Open"]
[Site "Saint Vincent - Chatillon ITA"]
[Date "2006.10.02"]
[Round "3"]
[White "Pieri, Enzo"]
[Black "Didoni, Renato"]
[Result "1/2-1/2"]
[WhiteElo "1940"]
[BlackElo "2076"]
[PlyCount "75"]
[EventDate "2006.09.30"]

1. e4 d6 2. d4 Nd7 3. Nf3 c6 4. Be3 Ngf6 5. Bd3 Qc7 6. O-O h6 7. Nh4 e6 8. f4
Be7 9. Nc3 a6 10. e5 Nd5 11. Nxd5 cxd5 12. Qg4 Bf8 13. Bg6 Nb6 14. f5 fxg6 15.
fxe6 Qxc2 16. Nxg6 Qe4 17. Qxe4 dxe4 18. Nxh8 Bxe6 19. Ng6 Be7 20. Nxe7 Kxe7
21. exd6+ Kxd6 22. Bf4+ Kd5 23. Be5 g6 24. Bg7 h5 25. Rac1 Nd7 26. Rc7 b6 27.
Rfc1 Rg8 28. Bh6 g5 29. h4 gxh4 30. Be3 h3 31. R1c2 a5 32. Kh2 hxg2 33. Rxg2
Rg4 34. a3 Kd6 35. Rgc2 Rh4+ 36. Kg2 Rg4+ 37. Kh2 Rh4+ 38. Kg2 1/2-1/2

[Event "XIV Open"]
[Site "Saint Vincent - Chatillon ITA"]
[Date "2006.10.02"]
[Round "3"]
[White "Poletti, Fausto"]
[Black "Anfuso, Luigi"]
[Result "1-0"]
[WhiteElo "2096"]
[BlackElo "1485"]
[PlyCount "47"]
[EventDate "2006.09.30"]

1. Nf3 Nf6 2. c4 c6 3. Nc3 d5 4. cxd5 cxd5 5. d4 Nc6 6. Bf4 a6 7. e3 Bg4 8. Be2
e6 9. O-O Bd6 10. Bxd6 Qxd6 11. Rc1 O-O 12. Na4 Bxf3 13. Bxf3 Nd7 14. Nc5 Nxc5
15. Rxc5 Rac8 16. Qb3 Qd7 17. Qb6 Ne7 18. b4 Rxc5 19. bxc5 Nc6 20. Rb1 Rb8 21.
Be2 g6 22. Bd1 Qd8 23. Ba4 Qxb6 24. Rxb6 1-0

[Event "XIV Open"]
[Site "Saint Vincent - Chatillon ITA"]
[Date "2006.10.02"]
[Round "3"]
[White "Tiviakov, Sergei"]
[Black "Piscopo, Pierluigi"]
[Result "1-0"]
[WhiteElo "2668"]
[BlackElo "2393"]
[PlyCount "49"]
[EventDate "2006.09.30"]

1. e4 c5 2. Nf3 Nc6 3. c3 Nf6 4. e5 Nd5 5. Bc4 Nb6 6. Bb3 c4 7. Bc2 Qc7 8. Qe2
g5 9. h3 Bg7 10. O-O Nxe5 11. Nxg5 d5 12. a4 Bd7 13. a5 Nc8 14. Nf3 Ng6 15. d4
Nd6 16. Re1 f5 17. Bf4 O-O-O 18. Bh2 Rhg8 19. Kh1 Bh6 20. a6 b6 21. Ne5 Rg7 22.
Na3 Rdg8 23. Nxd7 Qxd7 24. Bxd6 Qxd6 25. Nb5 1-0

[Event "XIV Open"]
[Site "Saint Vincent - Chatillon ITA"]
[Date "2006.10.03"]
[Round "4"]
[White "Anfuso, Luigi"]
[Black "Labarthe, Arnaud"]
[Result "0-1"]
[WhiteElo "1485"]
[BlackElo "2044"]
[PlyCount "52"]
[EventDate "2006.09.30"]

1. d4 d5 2. c4 e5 3. dxe5 d4 4. Nd2 Nc6 5. Ngf3 Nge7 6. a3 Ng6 7. Nb3 Be6 8. e3
dxe3 9. Qxd8+ Rxd8 10. Bxe3 Ngxe5 11. Nxe5 Nxe5 12. Rc1 Nc6 13. Be2 g6 14. O-O
Bg7 15. Nc5 Bc8 16. Nd3 O-O 17. Rfd1 Nd4 18. Bf1 Nb3 19. Rc2 c5 20. Be2 Nd4 21.
Bxd4 Bxd4 22. Rcd2 Rfe8 23. Nxc5 Rxe2 24. Rxe2 Bg4 25. Red2 Bxd1 26. Rxd1 Bxf2+
0-1

[Event "XIV Open"]
[Site "Saint Vincent - Chatillon ITA"]
[Date "2006.10.03"]
[Round "4"]
[White "Astengo, Corrado"]
[Black "Della Penna, Vincenzo"]
[Result "1-0"]
[WhiteElo "2119"]
[BlackElo "1527"]
[PlyCount "93"]
[EventDate "2006.09.30"]

1. e4 e5 2. Nf3 Nf6 3. Nxe5 d6 4. Nc4 Nxe4 5. d3 Nf6 6. d4 Be6 7. Bd3 Be7 8.
O-O O-O 9. Bg5 Nd5 10. Bxe7 Nxe7 11. Re1 Re8 12. Nc3 Nbc6 13. Bf1 d5 14. Ne3 a6
15. Ne2 Nf5 16. Nxf5 Bxf5 17. c3 Qd7 18. Qd2 Re7 19. Ng3 Rae8 20. Rxe7 Rxe7 21.
Qg5 Bg6 22. h4 h6 23. Qf4 Nd8 24. Be2 Ne6 25. Qd2 Qe8 26. Bf3 c6 27. Kf1 Nd8
28. Re1 Rxe1+ 29. Qxe1 Bd3+ 30. Be2 Bxe2+ 31. Qxe2 Qxe2+ 32. Kxe2 g6 33. Ke3
Ne6 34. f4 f5 35. Ne2 h5 36. Nc1 Nf8 37. Nd3 Nd7 38. Ne5 Nxe5 39. fxe5 b6 40.
b4 Kg7 41. Kf4 a5 42. bxa5 bxa5 43. a4 Kf7 44. Kg5 Ke6 45. Kxg6 c5 46. Kxh5 f4
47. Kg4 1-0

[Event "XIV Open"]
[Site "Saint Vincent - Chatillon ITA"]
[Date "2006.10.03"]
[Round "4"]
[White "Battistella, Stefano"]
[Black "Poletti, Fausto"]
[Result "1/2-1/2"]
[WhiteElo "2065"]
[BlackElo "2096"]
[PlyCount "57"]
[EventDate "2006.09.30"]

1. d4 Nf6 2. Nf3 g6 3. c4 Bg7 4. g3 O-O 5. Bg2 d6 6. O-O Nbd7 7. d5 c6 8. dxc6
bxc6 9. Nd4 Nb8 10. Nxc6 Nxc6 11. Bxc6 Rb8 12. Bg2 Be6 13. Nd2 Qc7 14. Rb1 Bxc4
15. Nxc4 Qxc4 16. b3 Qa6 17. a4 Rfd8 18. b4 Qc4 19. Qb3 Rbc8 20. Qxc4 Rxc4 21.
Be3 d5 22. Bxa7 Ra8 23. Bc5 Rxa4 24. Ra1 Rxa1 25. Rxa1 Bf8 26. e3 Ne4 27. Bxe4
dxe4 28. Ra8 Kg7 29. Kg2 1/2-1/2

[Event "XIV Open"]
[Site "Saint Vincent - Chatillon ITA"]
[Date "2006.10.03"]
[Round "4"]
[White "Borgo, Giulio"]
[Black "Naumkin, Igor"]
[Result "1/2-1/2"]
[WhiteElo "2414"]
[BlackElo "2430"]
[PlyCount "21"]
[EventDate "2006.09.30"]

1. e4 e5 2. Nf3 Nc6 3. Nc3 Nf6 4. d4 exd4 5. Nxd4 Bb4 6. Nxc6 bxc6 7. Bd3 d5 8.
exd5 cxd5 9. Qe2+ Qe7 10. Bb5+ Bd7 11. Bxd7+ 1/2-1/2

[Event "XIV Open"]
[Site "Saint Vincent - Chatillon ITA"]
[Date "2006.10.03"]
[Round "4"]
[White "Calzolari, Giampietro"]
[Black "Perrone, Samuel"]
[Result "1-0"]
[WhiteElo "1890"]
[BlackElo "1401"]
[PlyCount "49"]
[EventDate "2006.09.30"]

1. e4 e5 2. Nf3 Nc6 3. d4 exd4 4. Nxd4 Nf6 5. Nc3 Bc5 6. Be3 O-O 7. Nxc6 bxc6
8. Bxc5 Re8 9. Bd3 d6 10. Bd4 Rb8 11. Qf3 Rxb2 12. Bxf6 Qxf6 13. Qxf6 gxf6 14.
O-O Rb4 15. Rfb1 Rd4 16. a4 Kg7 17. Ne2 Rxd3 18. cxd3 Ba6 19. Ra3 d5 20. Ng3
Kh6 21. h4 Re5 22. Rb8 Kg7 23. Nf5+ Kg6 24. Rg8+ Kh5 25. g4# 1-0

[Event "XIV Open"]
[Site "Saint Vincent - Chatillon ITA"]
[Date "2006.10.03"]
[Round "4"]
[White "Didoni, Renato"]
[Black "Marguerettaz, Davy"]
[Result "0-1"]
[WhiteElo "2076"]
[BlackElo "1700"]
[PlyCount "119"]
[EventDate "2006.09.30"]

1. Nf3 d5 2. d4 Nf6 3. h3 Bf5 4. Nc3 e6 5. Nh4 Bg6 6. Nxg6 hxg6 7. Bf4 c5 8. e3
Nc6 9. a3 Rc8 10. Be2 Be7 11. Rc1 O-O 12. O-O cxd4 13. exd4 Qb6 14. Be3 Na5 15.
Na4 Qc6 16. c3 Ne4 17. Bd3 Nd6 18. Rb1 Nac4 19. Bc1 Nb5 20. Bc2 Nc7 21. Re1 b5
22. Nc5 Bxc5 23. dxc5 Qxc5 24. Qg4 Rcd8 25. Rd1 a5 26. h4 Ne8 27. Bg5 Nf6 28.
Qf3 Ne5 29. Qe2 Neg4 30. Rd4 Nh6 31. g4 Rfe8 32. Be3 e5 33. Rdd1 d4 34. Bxh6
gxh6 35. Qf3 Nd5 36. Bb3 Nf4 37. cxd4 Rxd4 38. Rxd4 Qxd4 39. Rd1 Qxb2 40. Rd7
Rf8 41. Rc7 Qe2 42. Qxe2 Nxe2+ 43. Kg2 Nd4 44. Ba2 a4 45. Re7 Nc2 46. Kf3 Nxa3
47. Ke4 Nc4 48. Kd5 Rd8+ 49. Kc5 Rd2 50. Bxc4 bxc4 51. Kxc4 Rd4+ 52. Kc3 Rxg4
53. Rxe5 Rxh4 54. Kd3 Rh5 55. Re8+ Kg7 56. Ra8 a3 57. Ke3 Rh3+ 58. Kf4 Rb3 59.
f3 g5+ 60. Ke4 0-1

[Event "XIV Open"]
[Site "Saint Vincent - Chatillon ITA"]
[Date "2006.10.03"]
[Round "4"]
[White "Epishin, Vladimir V."]
[Black "Petrescu, Cristian"]
[Result "1-0"]
[WhiteElo "2555"]
[BlackElo "2070"]
[PlyCount "71"]
[EventDate "2006.09.30"]

1. d4 Nf6 2. c4 g6 3. Nc3 d5 4. Nf3 Bg7 5. e3 O-O 6. Bd2 b6 7. cxd5 Nxd5 8. Bc4
Bb7 9. O-O e6 10. Rc1 Nd7 11. Nxd5 Bxd5 12. Bxd5 exd5 13. Qb3 Nf6 14. Rc6 Rc8
15. Rfc1 Re8 16. Qc2 Ne4 17. Rxc7 Rxc7 18. Qxc7 Nxd2 19. Nxd2 Qg5 20. Nf3 Qe7
21. Qxe7 Rxe7 22. b4 f6 23. a4 Kf7 24. Ne1 Ke6 25. b5 Bf8 26. Rc6+ Kf7 27. Nd3
Rd7 28. h4 Be7 29. g4 Ke8 30. Kg2 Bd6 31. g5 f5 32. Kf3 Ke7 33. Nf4 Bxf4 34.
Kxf4 Kf7 35. Ke5 Ke7 36. h5 1-0

[Event "XIV Open"]
[Site "Saint Vincent - Chatillon ITA"]
[Date "2006.10.03"]
[Round "4"]
[White "Iacchetti, Giovanni"]
[Black "Berlier, Filippo"]
[Result "1-0"]
[WhiteElo "1804"]
[BlackElo "1383"]
[PlyCount "73"]
[EventDate "2006.09.30"]

1. c4 Nf6 2. g3 Nc6 3. Bg2 e6 4. Nc3 Bc5 5. e3 O-O 6. d4 Bb4 7. Nge2 Ne7 8. a3
Bxc3+ 9. Nxc3 c6 10. O-O d5 11. cxd5 exd5 12. Bd2 Re8 13. Rc1 Ng6 14. b4 a6 15.
Qc2 Nf8 16. a4 g6 17. b5 Bf5 18. Qb2 Bd3 19. bxc6 bxc6 20. Rfe1 Rb8 21. Qa1 Re7
22. Na2 a5 23. Qc3 Bc4 24. Ra1 Reb7 25. Qc1 Qb6 26. Nc3 Qb2 27. Rb1 Qxc1 28.
Rexc1 Bd3 29. Rxb7 Rxb7 30. f3 Rb2 31. Be1 N6d7 32. e4 Ne6 33. exd5 cxd5 34.
Nxd5 Nxd4 35. Rc8+ Kg7 36. Bc3 Rb1+ 37. Kf2 1-0

[Event "XIV Open"]
[Site "Saint Vincent - Chatillon ITA"]
[Date "2006.10.03"]
[Round "4"]
[White "Martinez, Guido"]
[Black "Belabbas, Abdellah"]
[Result "0-1"]
[WhiteElo "1969"]
[BlackElo "1691"]
[PlyCount "52"]
[EventDate "2006.09.30"]

1. e4 c5 2. Nf3 d6 3. d4 cxd4 4. Nxd4 Nf6 5. Nc3 a6 6. a4 e6 7. Be2 Qc7 8. Be3
Nc6 9. Qd2 Be7 10. O-O b6 11. Rad1 Bb7 12. f3 O-O 13. Nxc6 Bxc6 14. Qd4 Nd7 15.
f4 d5 16. exd5 Bc5 17. Qd3 exd5 18. Nxd5 Bxd5 19. Kh1 Nf6 20. Qc3 Qc6 21. Bf3
Rad8 22. Bc1 Ne4 23. Qe5 Ng3+ 24. hxg3 Bxf3 25. gxf3 Rxd1 26. Rxd1 Qxf3+ 0-1

[Event "XIV Open"]
[Site "Saint Vincent - Chatillon ITA"]
[Date "2006.10.03"]
[Round "4"]
[White "Mazza, Maurizio"]
[Black "Roversi, Stefano"]
[Result "0-1"]
[WhiteElo "1700"]
[BlackElo "1857"]
[PlyCount "38"]
[EventDate "2006.09.30"]

1. e4 c5 2. c3 d5 3. exd5 Qxd5 4. d4 Nf6 5. Nf3 Bg4 6. Be2 e6 7. O-O cxd4 8.
cxd4 Be7 9. Re1 O-O 10. Nc3 Qd8 11. h3 Bh5 12. Bf4 Nc6 13. Be3 Rc8 14. a3 a6
15. Rc1 b5 16. b4 Nd5 17. Qd2 Nxe3 18. Qxe3 Bxf3 19. Bxf3 Bg5 0-1

[Event "XIV Open"]
[Site "Saint Vincent - Chatillon ITA"]
[Date "2006.10.03"]
[Round "4"]
[White "Mazzetta, Renato"]
[Black "Fragni, Enrico"]
[Result "0-1"]
[WhiteElo "1822"]
[BlackElo "1859"]
[PlyCount "70"]
[EventDate "2006.09.30"]

1. e4 c6 2. Nc3 e5 3. g3 d6 4. Bg2 Nf6 5. Nge2 Bg4 6. h3 Bh5 7. d3 h6 8. f4
Bxe2 9. Nxe2 Qb6 10. b3 Nbd7 11. Bb2 Be7 12. d4 Qc7 13. Qd2 Nh5 14. O-O exf4
15. gxf4 O-O-O 16. d5 c5 17. c4 Bf6 18. e5 dxe5 19. d6 Qb6 20. Nc3 Nxf4 21.
Rxf4 exf4 22. Na4 Qb4 23. Qd5 Bxb2 24. Nxb2 Nf6 25. Qf5+ Kb8 26. Rd1 Rd7 27.
Nd3 Qb6 28. Qxf4 Qxd6 29. Qf3 Rhd8 30. Nf2 Qc6 31. Qg3+ Qc7 32. Qf3 Rxd1+ 33.
Nxd1 Qd7 34. Nc3 Qd4+ 35. Kh2 Rd7 0-1

[Event "XIV Open"]
[Site "Saint Vincent - Chatillon ITA"]
[Date "2006.10.03"]
[Round "4"]
[White "Ortega, Lexy"]
[Black "Baloire, Endy"]
[Result "1-0"]
[WhiteElo "2435"]
[BlackElo "1506"]
[PlyCount "33"]
[EventDate "2006.09.30"]

1. e4 e5 2. Nf3 Nc6 3. Bc4 Nf6 4. d3 Bc5 5. c3 d6 6. Nbd2 Bg4 7. h3 Bh5 8. Bb3
O-O 9. Nf1 h6 10. g4 Bg6 11. g5 hxg5 12. Bxg5 Qe7 13. Ng3 Nd8 14. Nh4 Bh7 15.
Nhf5 Bxf5 16. Nxf5 Qd7 17. Bxf6 1-0

[Event "XIV Open"]
[Site "Saint Vincent - Chatillon ITA"]
[Date "2006.10.03"]
[Round "4"]
[White "Pepino, Enrico"]
[Black "Mondon, Fabrice"]
[Result "1-0"]
[WhiteElo "2187"]
[BlackElo "2001"]
[PlyCount "89"]
[EventDate "2006.09.30"]

1. e4 c5 2. Nf3 d6 3. d4 cxd4 4. Nxd4 Nf6 5. Nc3 a6 6. Be3 e6 7. f3 b5 8. g4
Bb7 9. Qd2 Nbd7 10. g5 Nh5 11. Bh3 Ne5 12. O-O-O Nc4 13. Qd3 Nxe3 14. Qxe3 Be7
15. Rhg1 O-O 16. Kb1 b4 17. Nce2 g6 18. e5 Qb6 19. Bg4 Ng7 20. Ng3 d5 21. h4 a5
22. h5 Bc5 23. hxg6 fxg6 24. Rh1 a4 25. Qd2 Nf5 26. Bxf5 exf5 27. Qh2 Rf7 28.
e6 Rc7 29. Ndxf5 b3 30. cxb3 axb3 31. e7 h5 32. Nxh5 gxf5 33. Nf6+ Kf7 34. Qh7+
Ke6 35. Rhe1+ Be3 36. Rxe3+ Qxe3 37. e8=Q+ Rxe8 38. Qxc7 Re7 39. Qd8 Qe2 40.
Qb6+ Kf7 41. Qxb3 Bc6 42. Nxd5 Rb7 43. Nb4+ Kg7 44. Qc3+ Kh7 45. Rh1+ 1-0

[Event "XIV Open"]
[Site "Saint Vincent - Chatillon ITA"]
[Date "2006.10.03"]
[Round "4"]
[White "Piscopo, Pierluigi"]
[Black "Broekman, Willem"]
[Result "1-0"]
[WhiteElo "2393"]
[BlackElo "2151"]
[PlyCount "117"]
[EventDate "2006.09.30"]

1. e4 e6 2. d4 d5 3. Nc3 Bb4 4. e5 c5 5. a3 Bxc3+ 6. bxc3 Ne7 7. h4 Nbc6 8. Nf3
Qa5 9. Bd2 Bd7 10. h5 h6 11. a4 O-O-O 12. Qc1 c4 13. Be2 Kb8 14. O-O Ka8 15.
Qb2 Rdg8 16. Rfb1 Bc8 17. Qb5 a6 18. Qxa5 Nxa5 19. Nh2 Nac6 20. Ng4 Nf5 21. Bc1
Rd8 22. Ba3 Rhe8 23. g3 Rd7 24. Bf1 Rdd8 25. Bh3 Rg8 26. Re1 Bd7 27. Bc5 Rde8
28. Ne3 Nxe3 29. Rxe3 Rc8 30. Bg2 Nb8 31. Bd6 Rc6 32. f4 f5 33. Kf2 Rb6 34. Ke1
Rc6 35. Kd2 Rcc8 36. Bf3 Rce8 37. Bc5 Nc6 38. Re2 Ne7 39. a5 Nc6 40. Bb6 Ref8
41. Ke3 g5 42. hxg6 Rxg6 43. Rg2 Rfg8 44. Kf2 Ne7 45. Bc5 Nc8 46. Rh2 b5 47.
Rah1 Rh8 48. Rh4 Kb7 49. g4 fxg4 50. Bxg4 Kc7 51. Bf3 Kc6 52. R1h2 Kc7 53. f5
exf5 54. Bxd5 Bc6 55. Bf7 Rg7 56. Be6 Be4 57. d5 Rgh7 58. d6+ Kd8 59. d7 1-0

[Event "XIV Open"]
[Site "Saint Vincent - Chatillon ITA"]
[Date "2006.10.03"]
[Round "4"]
[White "Rossi, Giampiero"]
[Black "Bannink, Bernard"]
[Result "0-1"]
[WhiteElo "2011"]
[BlackElo "2248"]
[PlyCount "160"]
[EventDate "2006.09.30"]

1. d4 d5 2. c4 dxc4 3. Nf3 Nf6 4. e3 e6 5. Bxc4 c5 6. O-O a6 7. Nc3 b5 8. Be2
Bb7 9. a3 Nbd7 10. Qc2 Rc8 11. dxc5 Bxc5 12. Rd1 Qc7 13. Bd2 O-O 14. Rac1 Rfd8
15. h3 Ne5 16. Nxe5 Qxe5 17. Be1 Bd6 18. g3 Nd5 19. Qb1 h6 20. Nxd5 Rxc1 21.
Qxc1 Bxd5 22. Qc2 Be4 23. Qc3 Rb8 24. f4 Qc5 25. Qxc5 Bxc5 26. Kf2 Be7 27. Bc3
Rc8 28. Rc1 Bf6 29. Ke1 Bg2 30. h4 e5 31. Kd2 exf4 32. exf4 Be7 33. Bd4 Rd8 34.
Ke3 Bd6 35. Bg4 Bb7 36. Bc5 Re8+ 37. Kf2 Bb8 38. Re1 Rxe1 39. Kxe1 g6 40. Kf2
f5 41. Bf3 Bxf3 42. Kxf3 Kf7 43. b3 Ke6 44. Ke3 Kd5 45. Bf8 Ba7+ 46. Kf3 h5 47.
a4 Bd4 48. axb5 axb5 49. Bb4 Bg1 50. Bc3 Bc5 51. Ke2 Bd4 52. Be1 Bb2 53. Kd3
Bc1 54. Bf2 Ba3 55. Be3 Bb4 56. Bf2 Ba5 57. Ke2 Ke4 58. Ba7 Bc3 59. Bf2 Bd4 60.
Be1 Bg1 61. Bc3 Kd5 62. Kf3 Bd4 63. Be1 Kc5 64. Ke2 Bb2 65. Bd2 Ba3 66. Be1 Bb4
67. Bf2+ Kc6 68. Kf3 Bc3 69. Be3 Ba5 70. Ke2 Bb6 71. Bxb6 Kxb6 72. Kd3 Kc5 73.
Kc3 Kd5 74. Kd3 Kd6 75. Kd4 Kc6 76. Kc3 Kc5 77. b4+ Kc6 78. Kd2 Kd6 79. Kc3 Ke6
80. Kd3 Kd5 0-1

[Event "XIV Open"]
[Site "Saint Vincent - Chatillon ITA"]
[Date "2006.10.03"]
[Round "4"]
[White "Trifunovic, Dusan"]
[Black "Pieri, Enzo"]
[Result "0-1"]
[WhiteElo "1985"]
[BlackElo "1940"]
[PlyCount "54"]
[EventDate "2006.09.30"]

1. e4 c5 2. c3 d6 3. d4 cxd4 4. Qxd4 Nc6 5. Bb5 Bd7 6. Qe3 Nf6 7. Ne2 g6 8. h3
Bg7 9. Nd2 O-O 10. Nf1 Nb4 11. Bd3 Nxd3+ 12. Qxd3 Bc6 13. Nfg3 Nd7 14. O-O Rc8
15. f4 Nc5 16. Qe3 e6 17. Nd4 Bd7 18. Bd2 e5 19. fxe5 dxe5 20. Nb3 Nxb3 21.
axb3 a6 22. Kh2 Be6 23. b4 Bc4 24. Rf2 Rc6 25. Be1 Rd6 26. Nf1 f5 27. Bd2 f4
0-1

[Event "XIV Open"]
[Site "Saint Vincent - Chatillon ITA"]
[Date "2006.10.03"]
[Round "4"]
[White "Zaccaria, Sonia"]
[Black "Gauer, Jacques"]
[Result "0-1"]
[WhiteElo "1413"]
[BlackElo "1973"]
[PlyCount "72"]
[EventDate "2006.09.30"]

1. d4 Nf6 2. Nf3 g6 3. Nc3 d5 4. Bf4 Bg7 5. e3 O-O 6. Bd3 c5 7. dxc5 Nc6 8. O-O
Qa5 9. Qd2 Qxc5 10. e4 dxe4 11. Nxe4 Nxe4 12. Bxe4 Bxb2 13. Rab1 Rd8 14. Qe2
Bg7 15. Bxc6 bxc6 16. Rfe1 Be6 17. Be5 Bxa2 18. Rb7 Be6 19. Bxg7 Kxg7 20. h4 h6
21. Ne5 Rab8 22. Rxb8 Rxb8 23. h5 g5 24. Qe4 Rb6 25. Kh1 Qxf2 26. Nf3 Qc5 27.
Qd3 g4 28. Ne5 Qd5 29. Qa3 Rb7 30. Qg3 Qd6 31. Qc3 Qb4 32. Qg3 a5 33. Nxc6 Qc5
34. Ne5 a4 35. Re4 Rb1+ 36. Kh2 Qg1# 0-1

[Event "XIV Open"]
[Site "Saint Vincent - Chatillon ITA"]
[Date "2006.10.04"]
[Round "5"]
[White "Bannink, Bernard"]
[Black "Piscopo, Pierluigi"]
[Result "1-0"]
[WhiteElo "2248"]
[BlackElo "2393"]
[PlyCount "69"]
[EventDate "2006.09.30"]

1. d4 c5 2. c3 e6 3. Nf3 Nf6 4. Bg5 h6 5. Bxf6 Qxf6 6. e4 Nc6 7. e5 Qe7 8. a3
d6 9. Nbd2 Qc7 10. exd6 Bxd6 11. Ne4 cxd4 12. Nxd4 Be7 13. Bb5 O-O 14. Nxc6
bxc6 15. Bc4 c5 16. O-O Bb7 17. Re1 Kh8 18. Qe2 Rae8 19. Rad1 f5 20. Ng3 Bd6
21. Qd3 Qc6 22. f3 Bc7 23. Bb5 Qb6 24. Bxe8 c4+ 25. Qd4 Rxe8 26. Qxb6 Bxb6+ 27.
Kf1 g6 28. Rd6 Bc8 29. Ne2 Kg7 30. Nd4 Kf7 31. Nb5 Kf6 32. a4 Re7 33. Red1 g5
34. Rc6 g4 35. Rxc8 1-0